000 00405nam a2200157 i 4500
001 bg
100 1 _aCONSO, Pierre
245 0 _aInformatyka i zarządzanie przedsiębiorstwem /
_cPierre Cosso, Pierre Poulain.
260 _aWarszawa,
_c1975.
700 1 _aPOULAIN, Pierre
040 _cBPK
041 _apol
080 _a681.3:002:65.012
942 _cKS
008 s pl f |000 0 pol
999 _c16343
_d16343
856 _uhttp://koha.tu.koszalin.pl/cgi-bin/koha/opac-detail.pl?biblionumber=16343
_yKatalog online BPK